[Event "Pristina op"]
[Site "Pristina"]
[Date "2025.06.03"]
[Round "5"]
[White "Karaca, Yigit1"]
[Black "Murati, Ramush"]
[Result "1-0"]
[WhiteElo "2174"]
[BlackElo "1946"]
[PlyCount "56"]
[EventDate "2025.05.31"]
[EventType "swiss"]
[EventRounds "9"]
[EventCountry "KOS"]
[SourceTitle "CB24_2025"]
[SourceDate "2025.06.11"]
[SourceVersion "1"]
[SourceVersionDate "2025.06.11"]
[SourceQuality "1"]

1. e4 g6 2. d4 Bg7 3. Nc3 e6 4. Be3 Ne7 5. Qd2 h5 6. h4 b6 7. f3 Bb7 8. Nh3 d5 9. 0-0-0 a6 10. Bg5 Qd7 11. Bxe7 Qxe7 12. exd5 0-0 13. dxe6 Qxe6 14. Ng5 Qd7 15. g4 hxg4 16. h5 Bxf3 17. Nxf3 gxf3 18. hxg6 b5 19. Qh2 fxg6 20. Bd3 Rf6 21. Ne4 Rb6 22. Qh7+ Kf8 23. Rdf1 Qxd4 24. Rxf3+ Ke7 25. Nf6 Rxf6 26. Qxg7+ Kd6 27. Rxf6+ Kc5 28. Qxc7+ Kd5 1-0

[Event "Pristina Balkan op-B"]
[Site "Pristina"]
[Date "2024.06.19"]
[Round "8"]
[White "Murati, Ramush"]
[Black "Jusufi, Ahmet"]
[Result "0-1"]
[WhiteElo "1972"]
[BlackElo "1925"]
[PlyCount "68"]
[EventDate "2024.06.14"]
[EventType "swiss"]
[EventRounds "9"]
[EventCountry "KOS"]
[SourceTitle "CBM 221 Extra"]
[Source "ChessBase"]
[SourceDate "2024.09.30"]
[SourceVersion "1"]
[SourceVersionDate "2024.09.30"]
[SourceQuality "1"]

1. d4 Nf6 2. c4 e6 3. g3 d5 4. Nf3 Bb4+ 5. Bd2 Be7 6. Bg2 0-0 7. c5 b6 8. cxb6 axb6 9. Nc3 Nbd7 10. 0-0 Bb7 11. Qc2 c5 12. e3 Qb8 13. Rfe1 Ne4 14. Bc1 f5 15. Nd2 Bf6 16. Ncxe4 fxe4 17. Nb3 Ba6 18. Bf1 Bxf1 19. Rxf1 c4 20. Nd2 e5 21. Qc3 b5 22. b4 exd4 23. exd4 Qa7 24. Bb2 Nb6 25. a4 Nxa4 26. Qe3 Qb6 27. Nxe4 Nxb2 28. Rxa8 Rxa8 29. Nc5 Qc6 30. Re1 Nd3 31. Nxd3 cxd3 32. Rc1 Bxd4 33. Qd2 Qxc1+ 34. Qxc1 Ra1 0-1